000 01302nam a2200229Ia 4500
003 Ost
005 20260507075030.0
008 260507s9999||||xx |||||||||||||| ||und||
040 _cfsecg
041 _aara
082 _a330
100 _aحسين، محمد فتح الله
_eمؤلف
245 0 _aالشركات المساهمة والتجارية /
_c محمد فتح الله حسين
250 _aطبعة 2
260 _aالقاهرة:
_bدار العربي للنشر والتوزيع,
_c2000
300 _a192 صفحة؛
_bإيضاحات ؛
_c24 سم
520 _aالشركات الخاضعة لأحكام هذا القانون، شركات التوصية بالأسهم، الشركة ذات المسؤولية المحددة، تصفية الشركات، الرقابة والتفتيش والجزاءات، فرع ومكاتب تمثيل الشركات، في تأسيس الشركات، في أحكام الخاصة بأنواع الشركات، الإندماج وتغيير شكل الشركة، الوقاية والتفتيش، فروع ومكاتب تمثيل الشركة الأجنبية، أحكام عامة وختامية
653 _aالشركات
653 _aالشركات التجارية
653 _aالشركات المساهمة
942 _cكتاب
999 _c42390
_d42390